| 000 | 01468nam a2200313 4500 | ||
|---|---|---|---|
| 003 | EC-UNACH | ||
| 005 | 20251007122829.0 | ||
| 006 | s||||gr|||| 00| 00 | ||
| 008 | 150116t9999 mx r gr 000 0 spa d | ||
| 020 | _a978-958-648-482-4 | ||
| 040 |
_aEC-UNACH _cEC-UNACH |
||
| 041 | _aspa | ||
| 082 | 0 | 4 |
_223 _a620.86 _bL011520 |
| 110 | _aEco Ediciones | ||
| 245 | _a Riesgos físicos I : Ruido, vibraciones y presiones anormales | ||
| 250 | _aSegunda edición | ||
| 264 |
_aBogotá _bEco Ediciones _c2007 |
||
| 300 |
_a183 páginas _bCuadros |
||
| 505 | _aCapítulo 1. Ruido -- Introducción -- producción y transmisión del sonido -- ondas vibraciones de los recorridos de las ondas -- reflexión -- Capítulo 2. Vibraciones -- Introducción definiciones básicas vibraciones periódicas desplazamiento velocidad aceleración -- Capítulo 3. Presiones anormales -- introducción -- condiciones normales -- efectos de la presión atmosférica reducida -- presiones de oxígeno alveolar a diferentes alturas -- el efecto de la enfermedad de las alturas -- algunos efectos físicos de la hipoxia -- aclimatación baja -- Bibliografía. | ||
| 650 | _aLEYES DE REFLEXIÓN | ||
| 650 | _aVELOCIDAD DEL SONIDO | ||
| 650 | _aEXPOSICIÓN A VIBRACIONES | ||
| 700 | _aHernao Robledo, Fernando | ||
| 942 |
_2ddc _c1 |
||
| 999 | _c13988 | ||